| 000 | 00611nam a2200217Ia 4500 | ||
|---|---|---|---|
| 003 | OSt | ||
| 005 | 20230617094118.0 | ||
| 008 | 210423s2012 xx 000 0 und d | ||
| 020 | _a1403923418 | ||
| 040 | _cAL | ||
| 041 | _aeng | ||
| 082 |
_a530.12 GHAA _223 |
||
| 100 |
_aGHATAK (Ajoy);LOKANATHAN (S). _997771 |
||
| 245 | _aQuantum mechanics: theory and applications. | ||
| 260 |
_aNew Delhi _bMacmillan India Ltd _c2012 |
||
| 300 |
_axxvi,762 _bPB |
||
| 365 |
_b435 _cINR |
||
| 650 |
_aQuantum Mechanics _997772 |
||
| 906 | _aapplications. ; mechanics: ; physics: ; Quantum ; theory | ||
| 942 |
_2ddc _cBK |
||
| 999 |
_c162054 _d162054 |
||